000 00372nam a22001337a 4500
020 _qHB.
040 _cFIZZA ISHAQ
082 _a818.303
_bTHO
100 _aThoreau , Henry David.
_950689
245 _aWalden and Other Writings /
_c Henry David Thoreau.
260 _a New York:
_b Modern Library,
_c1937.
300 _a732 P. ;
_c 5.1 x 2 x 7.5 inches
942 _2ddc
_cBK
999 _c616979
_d616979